000 00333nam a22001457a 4500
008 180917b xxu||||| |||| 00| 0 eng d
020 _a0915473119
041 _aeng
080 _a618
082 _a618
100 _a10
101 _aGJIN
245 _aStandards for Obstetric-Gynecologic Services
_cAndrews,W.C
942 _2udc
_cBK
999 _c47849
_d47849